header

Burnt offering (Record no. 130339)

MARC details
000 -LEADER
fixed length control field 01116nam a2200313 a 4500
082 04 - DEWEY DECIMAL CLASSIFICATION NUMBER
Classification number 821.914
100 1# - MAIN ENTRY--AUTHOR NAME
Personal name Metelerkamp, Joan,
245 10 - TITLE STATEMENT
Title Burnt offering
260 ## - PUBLICATION, DISTRIBUTION, ETC. (IMPRINT)
Place of publication Athlone, South Africa :
Name of publisher Modjaji Books,
Year of publication 2009.
300 ## - PHYSICAL DESCRIPTION
Number of Pages 94 p.
500 ## - GENERAL NOTE
General note Poems.
650 #0 - SUBJECT ADDED ENTRY--TOPICAL TERM
Topical Term South African poetry (English)
856 40 - ELECTRONIC LOCATION AND ACCESS
Uniform Resource Identifier http://site.ebrary.com/lib/rucke/Doc?id=10463108

No items available.

© 2026 Rongo University
Contact us: librarian | system librarian | Rongo university